Sports Quiz

Random Sports or Baseball Quiz

MLB Team Pairs Quiz Stats

 Plays Quiz Updated May 8, 2018

Also try: NBA Team Pairs
Challenge
Share
Tweet
Embed
Score 0/6 Timer 00:30
0 Plays Today
% Correct
Cubs
87.5%
Diamondbacks
78.9%
Cardinals
73.2%
Dodgers
70.7%
Tigers
67.3%
Twins
61.4%

You're not logged in!

Compare scores with friends on all Sporcle quizzes.
OR
Log In

You Might Also Like...

Show Comments

Extras

Top Quizzes Today


Score Distribution

Your Account Isn't Verified!

In order to create a playlist on Sporcle, you need to verify the email address you used during registration. Go to your Sporcle Settings to finish the process.

Report this User

Report this user for behavior that violates our Community Guidelines.

Details: